| Поле | Инд. | ПП | Название | Значение |
|---|---|---|---|---|
| Тип записи | a | |||
| Библиографический уровень | m | |||
| 001 | Контрольный номер | 6fe38b9ec53644e589ddfb7899f93d66 | ||
| 005 | Дата корректировки | 20230704090914.7 | ||
| 020 | a | ISBN | 9780333974476 | |
| 040 | a | Служба первич. каталог. | НБ ТвГУ | |
| b | Код языка каталог. | rus | ||
| e | Правила каталог. | PSBO | ||
| 041 | 0_ | a | Код языка текста | eng |
| h | Код языка оригинала | eng | ||
| 080 | a | Индекс УДК | 811.111(075.8) | |
| 084 | a | Индекс другой классификации/Индекс ББК | Ш143.21я73-1 | |
| 090 | x | Авторский знак | G 78 | |
| a | Полочн. индекс | Ш143.21 | ||
| 097 | b | Оператор | Khokhlova.SV | |
| 100 | 1_ | a | Автор | Greenall Simon |
| q | Полное имя | Simon Greeenall | ||
| 245 | 10 | a | Заглавие | People like us |
| b | Продолж. заглавия | exploring cultural values and attitudes | ||
| 250 | a | Основные сведения об издании | Russian ed. | |
| 260 | c | Дата издания | 2011 | |
| a | Место издания | Oxford | ||
| b | Издательство | Macmillan | ||
| 300 | a | Объем | 96 p. | |
| b | Иллюстрации/ тип воспроизводства | ill | ||
| e | Сопроводительные материалы | 2 CD-ROM | ||
| 653 | 0_ | a | Ключевые слова | Английский язык |
| a | Ключевые слова | Разговорная речь | ||
| a | Ключевые слова | Учебники для вузов | ||
| 852 | 41 | i | Расстановочный признак | Проверка 2023 |
| 901 | t | Тип документа | m | |
| 920 | a | Оператор | Хохл | |
| a | Оператор | Суха | ||
| a | Оператор | Рунт | ||
| a | Оператор | Поля | ||
| 930 | a | Новая/Ретро | новая | |
| a | Новая/Ретро | иностр | ||
| 952 | c | Вид литературы | К иу | |
| 954 | b | Дата поступления в ОК | 20190226 | |
| a | Дата поступления на обработку | 20190226 | ||
| e | Дата перешифровки | 20230704 |